000 00452nam a2200193Ia 4500
003 OSt
005 20250715102150.0
008 210210b1989 xxu||||| |||| 00| 0 eng d
040 _cAL
041 _aeng
082 _a657.45 SHAA
100 _aT R Sharma
_9218751
245 _aAuditing
_b: principles and problems
260 _aAgra
_bSahitya Bhavan
_c1989
300 _av,506p
690 _aAuditing
_9218752
906 _a043716
942 _2ddc
_cBK
999 _c93150
_d93150